Dünyanın en güzel Divanyolu (Record no. 2623)

MARC details
000 -BAŞLIK
Sabit Uzunlukta Kontrol Alanı 00870na a2200289 4500
001 - KONTROL NUMARASI
Denetim Alanı 15794
003 - KONTROL NUMARASI IDENTIFIER
Denetim Alanı MIRAKIL
005 - SON İŞLEM TARİHİ VE ZAMANI
Denetim Alanı 20181213154904.0
008 - SABİT-BOY VERİ ELEMANLARI - GENEL BİLGİLER
Sabit Uzunlukta Kontrol Alanı 160929b tu 000 0
020 ## - ULUSLARARASI STANDART KİTAP NUMARASI
Uluslararası Standart Kitap Numarası 9786054307807
035 ## - SİSTEM KONTROL NUMARASI
Sistem Kontrol Numarası 15794
040 ## - KATALOGLAMA KAYNAK
Orijinal Kataloglama Ajansı Milas
Kataloglama Dili tur
Metne Dönüştürmek Ajansı TR-AnCHP
082 ## - DEWEY ONLU SINIFLANDIRMA NUMARASI
Sınıflandırma Numarası 956.22624
Ürün Numarası E86d 2010
090 ## - SINIFLAMA NUMARASI
Sınıflama Numarası 956.22624 E86d 2010
100 ## - ANA GİRİŞ - KİŞİSEL İSİM
Kişisel Ad Evren, Süreyyya
222 ## - ANAHTAR ADI
Anahtar Başlık Divanyolu
245 ## - BAŞLIK TABLOSU
Başlık Dünyanın en güzel Divanyolu
Sorumluluk Tablosu, Vb Süreyyya Evren ; editör Rozerin Doğan
260 ## - YAYIN, DAĞITIM, VB
Yayın, Dağıtım, Vb Yeri İstanbul
Yayıncı, Dağıtıcı, Vs Adı Heyamola yayınları
Yayın, Dağıtım, Vb Tarihi 2010
300 ## - FİZİKSEL TANIM
Kapsam 118 s.
Diğer Fiziksel Ayrıntıları res.
Boyutlar 20 sm.
490 ## - SERİSİ TABLOSU
Seri Beyanı Heyamola Yayınları
Hacim / Ardışık Tanımı 178
651 ## - KONU KATMA GİRİŞ - COĞRAFİ ADI
Coğrafi İsim Divanyolu (İstanbul)
Genel Alt Bölümü Tarih
651 ## - KONU KATMA GİRİŞ - COĞRAFİ ADI
Coğrafi İsim Divanyolu (İstanbul)
Genel Alt Bölümü Gezi ve tanıtım
651 ## - KONU KATMA GİRİŞ - COĞRAFİ ADI
Coğrafi İsim İstanbul
Genel Alt Bölümü Kültür
Kronolojik Alt Bölümü Tarih
651 ## - KONU KATMA GİRİŞ - COĞRAFİ ADI
Coğrafi İsim İstanbul
Genel Alt Bölümü Tarih
Kronolojik Alt Bölümü Gezi ve tanıtım
700 ## - KATMA GİRİŞ - KİŞİSEL İSİM
Kişisel Ad Doğan, Rozerin
942 ## - EKLENDİ GİRİŞ ELEMANLARI (KOHA)
Sınıflandırma Veya Raf Düzeni Kaynak Dewey Decimal Classification
Koha Öğesi Türü Books
999 ## - SİSTEM KONTROL NUMARALARI (KOHA)
Koha Biblionumber 2623
Koha Biblioitemnumber 2623
Holdings
Kalıcı Konum Mevcut Konum Edinme Tarihi Edinim Kaynak Toplam Check-Out'Lar Tam Çağrı Numarası Barkod Tarih Son Görülme İtibaren Geçerli Fiyatlar Koha Öğesi Türü
CHP Kütüphanesi CHP Kütüphanesi 09/24/2016 Bağış   956.22624 E86d 2010 005633 09/24/2016 09/24/2016 Books